000 00956cam a2200313 a 4500
999 _c5300
_d5300
001 16741958
003 GZU
005 20210331101007.0
008 110419s2011 enkab b 001 0 eng
010 _a 2011010836
016 7 _a015690376
_2Uk
020 _a9788131721407
020 _a0273717723 (pbk.)
035 _a(OCoLC)ocn714505158
040 _aDLC
_cDLC
_dYDX
_dCDX
_dYDXCP
_dUKMGB
_dDLC
042 _apcc
050 0 0 _aQC175
_bDOU 2009
082 0 0 _a532
_222
245 0 0 _aFluid mechanics /
_cJohn F. Douglas ... [et al.].
250 _a5th ed.
260 _aHarlow, England ;
_aNew York :
_bPearson
_c2009.
300 _axxxii, 958 p. :
_bill. (chiefly col.), maps (some col.) ;
500 _aIncludes index
504 _aIncludes bibliographical references and index.
650 0 _aFluid mechanics.
700 1 _aDouglas, John F.
_eAuthor
906 _a7
_bcbc
_corignew
_d1
_eecip
_f20
_gy-gencatlg
942 _2lcc
_cBK
_e5th ed
_h175
_iDOU
_kQC